Statistics for Airports from Above - Picture Quiz

Click here to take the quiz!

General Stats

  • This quiz has been taken 91 times
  • The average score is 10 of 16

Answer Stats

Answer% Correct
Los Angeles
86%
Chicago
84%
London
82%
New York City
82%
Paris
78%
Tokyo
76%
Atlanta
75%
Dubai
73%
Dallas
66%
Beijing
62%
Singapore
56%
Washington D.C.
51%
Istanbul
49%
Toronto
43%
Mexico City
41%
Delhi
28%

Score Distribution

Percentile by Number Answered

Percent of People with Each Score

Your Score History

You have not taken this quiz